01902agaaa2200301 45000010005000000030009000050050017000140070009000310080040000400400023000800410013001031000049001161300022001652450216001872500022004032600130004253000033005555080237005885110092008255200355009175380016012725460013012886500057013017000055013587000060014137000061014737000066015349243IT-RoPAU20220918181225.0d cvaizq50131s9999||||xx ||| | || ||und|| aIT-RoPAUcIT-RoPAU aITALIANO aLattuada AlbertogCodice regista SPICS: 4829 aBIANCO ROSSO E... aBIANCO ROSSO E...cProdotto da: Ponti Carlo -- Sceneggiatura: Fiastri Jaja Lattuada Alberto Guerra Tonino Maccari Ruggero -- Diretto da: Lattuada AlbertopBIANCO ROSSO E... (Rif. Codice opera principale : H9243) aEdizione Standard a(ITALIA)bCOMPAGNIA CINEM. CHAMPION - LES FILM CONC / Distribuzione: EDICOLAg"1972 (1° ed.: 2009 ; Ed. Lingua Orig.: 1972)" aDVDbsonoro, col.c96 minuti a"Fotografia: Contini Alfio; Montaggio: Montanari Sergio; Musica: Bongusto Fred; Sceneggiatura: Fiastri Jaja Lattuada Alberto Guerra Tonino Maccari Ruggero; Scenografia: Del Prato Vincenzo; Soggetto: Guerra Tonino -- Maccari Ruggero" a"Loren Sophia; Celentano Adriano; Rey Fernando; Galiardo Juan; Luis; Maffioli Giuseppe" aDI RITORNO DALLA LIBIA, LA BELLA SUOR GERMANA VIENE MESSA ALLA DIREZIONE DI UN OSPEDALE DEL NORD ITALIA. QUI CONOSCE IL GIOVANE ANNIBALE, TURBOLENTO COMUNISTA CHE OCCUPA ABUSIVAMENTE UN POSTO LETTO. TRA I DUE E' SUBITO SCONTRO DI IDEE E DI IDEALI, INSOMMA, IL PAZIENTE PIU' OSTINATO PER UNA SUORA. EPPURE DOPO L'INIZIALE DIFFIDENZA QUALCOSA CAMBIA... aPAL, STEREO aITALIANO aCOMMEDIAeDVD-FILM [DVD]xCodice MATERIA SPICS: 9947 aBongusto Frede(musica)gCodice Musica SPICS: 9781 aGuerra Tonino e(soggetto)gCodice Soggetto SPICS: 5721 aLattuada Alberto e(regista)gCodice regista SPICS: 4829 aMaccari Ruggero e(soggetto)gCodice Soggetto 2° SPICS: 4397